000 00840nam a2200301Ia 4500
003 OSt
005 20221007104653.0
006 a|||||r|||| 00| 0
007 ta
008 221006b |||||||| |||| 00| 0 eng d
024 _a16,505
037 _cTextual
040 _aLCO
_cLCO
_beng
041 _2eng
_aeng
082 _aZ73,5, L1
100 _aRadzinowicz Leon Ed.
_9688359
245 0 _aCrime and Justice.3V
260 _aNew
_bYork Basic Books Inc. USA
_c1971
300 _a515+703+445
490 _vVol.- 13
650 _a ARMS
_9702697
650 _a CRIMINAL
_9706235
650 _a SOCIETY
_9410261
650 _aCRIME AND JUSTICE
_9688120
700 _a Wolfgang Marvin E. Ed.
_9134973
942 _hZ73,5, L1
_cTEXL
999 _c1186068
_d1186068